00373nam a2200133Ia 4500008004100000100001800041245001400059260000900073300002600082440002400108650001600132999001900148952007200167180117s9999 xx 000 0 und d aby Zac Sarian aAgri-talk c2017 a25 pages, 2017 May 28 aPhilippine Panorama aAGRICULTURE c353492d353492 001040aCLbCLd2018-01-17l0r2018-01-17 00:00:00w2018-01-17ySE